<?xml version="1.0" encoding="UTF-8"?><?xml-stylesheet type="text/xsl" href="static/style.xsl"?><OAI-PMH xmlns="http://www.openarchives.org/OAI/2.0/" xmlns:xsi="http://www.w3.org/2001/XMLSchema-instance" xsi:schemaLocation="http://www.openarchives.org/OAI/2.0/ http://www.openarchives.org/OAI/2.0/OAI-PMH.xsd"><responseDate>2026-05-17T01:18:29Z</responseDate><request verb="GetRecord" identifier="oai:repisalud.isciii.es:20.500.12105/23373" metadataPrefix="marc">https://repisalud.isciii.es/rest/oai/request</request><GetRecord><record><header><identifier>oai:repisalud.isciii.es:20.500.12105/23373</identifier><datestamp>2024-11-29T01:19:09Z</datestamp><setSpec>com_20.500.12105_15322</setSpec><setSpec>com_20.500.12105_2051</setSpec><setSpec>col_20.500.12105_16967</setSpec></header><metadata><record xmlns="http://www.loc.gov/MARC21/slim" xmlns:dcterms="http://purl.org/dc/terms/" xmlns:doc="http://www.lyncode.com/xoai" xmlns:xsi="http://www.w3.org/2001/XMLSchema-instance" xsi:schemaLocation="http://www.loc.gov/MARC21/slim http://www.loc.gov/standards/marcxml/schema/MARC21slim.xsd">
   <leader>00925njm 22002777a 4500</leader>
   <datafield ind2=" " ind1=" " tag="042">
      <subfield code="a">dc</subfield>
   </datafield>
   <datafield ind2=" " ind1=" " tag="720">
      <subfield code="a">Granfeldt, Gislaine</subfield>
      <subfield code="e">author</subfield>
   </datafield>
   <datafield ind2=" " ind1=" " tag="720">
      <subfield code="a">Victoriano, Montserrat</subfield>
      <subfield code="e">author</subfield>
   </datafield>
   <datafield ind2=" " ind1=" " tag="720">
      <subfield code="a">Carrasco, Juan Antonio</subfield>
      <subfield code="e">author</subfield>
   </datafield>
   <datafield ind2=" " ind1=" " tag="720">
      <subfield code="a">Saez, Katia C</subfield>
      <subfield code="e">author</subfield>
   </datafield>
   <datafield ind2=" " ind1=" " tag="720">
      <subfield code="a">Bibiloni Esteva, Maria Del Mar</subfield>
      <subfield code="e">author</subfield>
   </datafield>
   <datafield ind2=" " ind1=" " tag="720">
      <subfield code="a">Tur, Josep A</subfield>
      <subfield code="e">author</subfield>
   </datafield>
   <datafield ind2=" " ind1=" " tag="260">
      <subfield code="c">2022-02-03</subfield>
   </datafield>
   <datafield ind2=" " ind1=" " tag="520">
      <subfield code="a">Objective: To adapt and assess reliability of the Chilean version of Nutritional Environment Measurement for Stores (NEMS-S-CHILE) to measure the food environment of stores in urban areas. Design: NEMS-S-CHILE was the NEMS-S tool adapted to the Chilean food patterns; foods were grouped according to level of processing in (a) unprocessed or minimally processed foods, (b) processed culinary ingredients, (c) processed foods, and (d) ultra-processed foods, and scored according to NEMS-S-CHILE tool. Reliability inter evaluators was measured. Setting City of Concepcion, Bio-Bio region, Chile. Participants Seventeen of a total of 25 supermarkets, and 9 out of 10 street markets according to the municipal registry and the street market trade unions, representing 74.3% of both types of food premises in Concepcion. Results: Reliability inter evaluators was measured by the following aspects: product availability, price, quality, and variety, through the intraclass correlation coefficient (ICC), percent agreement, and Cohen's kappa analysis. Reliability was high for availability, where the kappa index and ICC were acceptable, ranging from moderate to high (0.42 to 1.00 for the kappa coefficient and 0.65 to 1.00 for ICC), as well as for prices (ICC: 0.65-1.00 ), variety (kappa: 0.76-1.00) and quality (percent agreement: 68.2- 100%). Conclusions: The adapted instrument, NEMS-S-CHILE, has a high reliability inter evaluators and can be useful to measure the availability of foods by the level of processing according to the prevalent food system in developing countries.</subfield>
   </datafield>
   <datafield ind1="8" ind2=" " tag="024">
      <subfield code="a">Granfeldt G, Victoriano M, Carrasco JA, Saez KC, Bibiloni MD, Tur JA. Adaption and reliability of the Nutrition Environment Measures for stores (NEMS-S) instrument for use in urban areas of Chile. BMC Public Health. 2022 Feb 3;22(1):224. Erratum in: BMC Public Health. 2022 Mar 9;22(1):473.</subfield>
   </datafield>
   <datafield ind1="8" ind2=" " tag="024">
      <subfield code="a">10.1186/s12889-022-12651-w</subfield>
   </datafield>
   <datafield ind1="8" ind2=" " tag="024">
      <subfield code="a">1471-2458</subfield>
   </datafield>
   <datafield ind1="8" ind2=" " tag="024">
      <subfield code="a">BMC Public Health</subfield>
   </datafield>
   <datafield ind1="8" ind2=" " tag="024">
      <subfield code="a">https://hdl.handle.net/20.500.13003/19421</subfield>
   </datafield>
   <datafield ind1="8" ind2=" " tag="024">
      <subfield code="a">35114954</subfield>
   </datafield>
   <datafield ind1="8" ind2=" " tag="024">
      <subfield code="a">L637168185</subfield>
   </datafield>
   <datafield ind1="8" ind2=" " tag="024">
      <subfield code="a">2-s2.0-85124057874</subfield>
   </datafield>
   <datafield ind1="8" ind2=" " tag="024">
      <subfield code="a">https://hdl.handle.net/20.500.12105/23373</subfield>
   </datafield>
   <datafield ind1="8" ind2=" " tag="024">
      <subfield code="a">750831800007</subfield>
   </datafield>
   <datafield tag="653" ind2=" " ind1=" ">
      <subfield code="a">Chile</subfield>
   </datafield>
   <datafield tag="653" ind2=" " ind1=" ">
      <subfield code="a">Food availability</subfield>
   </datafield>
   <datafield tag="653" ind2=" " ind1=" ">
      <subfield code="a">Food environment</subfield>
   </datafield>
   <datafield tag="653" ind2=" " ind1=" ">
      <subfield code="a">Food store survey</subfield>
   </datafield>
   <datafield ind2="0" ind1="0" tag="245">
      <subfield code="a">Adaption and reliability of the Nutrition Environment Measures for stores (NEMS-S) instrument for use in urban areas of Chile</subfield>
   </datafield>
</record></metadata></record></GetRecord></OAI-PMH>